[Event "Druzynowe Mistrzostwa Stowarzyszenia Cross"]
[Site "Wielspin Wagrowiec"]
[Date "1899-12-30"]
[Round "6.4"]
[White "Suder, Ryszard"]
[Black "Walczak, Lucjan"]
[Result "1-0"]
[WhiteTitle "k+"]
[BlackTitle "I"]
[WhiteElo "2107"]
[BlackElo "1827"]

1. Nf3 c5 2. c4 Nc6 3. g3 g6 4. Bg2 Bg7 5. O-O e5 6. Nc3 Nge7 7. d3 O-O 8. Bd2
h6 9. Rb1 d6 10. Nd5 Be6 11. e4 f5 12. Nxe7+ Qxe7 13. Nh4 Kh7 14. exf5 gxf5 15.
f4 Rad8 16. Bc3 Qd7 17. Qh5 Qf7 18. Qe2 Qc7 19. Rbe1 Rde8 20. Qh5 Qf7 21. Qxf7
Rxf7 22. Bxc6 bxc6 23. fxe5 d5 24. b3 d4 25. Bb2 a5 26. Ba3 Bf8 27. Ng2 Bd7 28.
Nf4 Bc8 29. e6 Rf6 30. Nh5 Rg6 31. Rxf5 Rgxe6 32. Rxe6 Bxe6 33. Re5 Kg6 34. Bxc5
Bxc5 35. Rxc5 Bg4 36. Nf4+ Kh7 37. Kf2 a4 38. Rxc6 axb3 39. axb3 Rb8 40. h3 Bd1
41. Rc7+ Kg8 42. Rd7 Rxb3 43. Rxd4 Rb2+ 44. Ke3 Rb8 45. c5 Bb3 46. Rd6 1-0

[Event "Druzynowe Mistrzostwa Stowarzyszenia Cross"]
[Site "Wielspin Wagrowiec"]
[Date "1899-12-30"]
[Round "6.5"]
[White "Inglot, Marian"]
[Black "Olejnik, Bernard"]
[Result "0-1"]
[WhiteTitle "II"]
[BlackTitle "I"]
[WhiteElo "1394"]
[BlackElo "1772"]

1. e4 e5 2. Nf3 Nc6 3. Bb5 a6 4. Bxc6 bxc6 5. Nxe5 Qe7 6. Nf3 Qxe4+ 7. Qe2 Qxe2+
8. Kxe2 Bc5 9. Re1 Ne7 10. Kf1 O-O 11. d4 Bd6 12. c4 Ng6 13. Nc3 a5 14. Bg5 h6
15. Bd2 Ba6 16. b3 Rfe8 17. Kg1 Bb7 18. c5 Be7 19. Ne5 Nxe5 20. Rxe5 d6 21. Rh5
Bf6 22. Re1 Rxe1+ 23. Bxe1 Re8 24. Bd2 d5 25. Rh3 0-1

[Event "Druzynowe Mistrzostwa Stowarzyszenia Cross"]
[Site "Wielspin Wagrowiec"]
[Date "1899-12-30"]
[Round "6.6"]
[White "Malcer, Joanna"]
[Black "Jagiela, Andrzej"]
[Result "1/2-1/2"]
[WhiteTitle "I"]
[BlackTitle "I"]
[WhiteElo "1516"]
[BlackElo "1730"]

1. e4 d5 2. exd5 Nf6 3. d4 Nxd5 4. Bd3 e6 5. c3 Bd6 6. Nf3 Nf4 7. Bxf4 Bxf4 8.
O-O O-O 9. Nbd2 Nd7 10. Qc2 Nf6 11. Ne4 h6 12. Nxf6+ Qxf6 13. Rfe1 Qd8 14. Re4
Bd6 15. h3 b6 16. Ree1 Bb7 17. Be4 Bxe4 18. Qxe4 a5 19. Qc6 Qe8 20. Qxe8 Rfxe8
21. Ne5 c5 22. dxc5 Bxc5 23. Nd7 Rac8 24. Rad1 Re7 25. Kf1 Kh7 26. Nxc5 Rxc5 27.
Rd6 Rb7 28. Red1 Kg6 29. Ke2 1/2-1/2

[Event "Druzynowe Mistrzostwa Stowarzyszenia Cross"]
[Site "Wielspin Wagrowiec"]
[Date "1899-12-30"]
[Round "6.7"]
[White "Jagiela, Elzbieta"]
[Black "Racis, Michal"]
[Result "0-1"]
[WhiteTitle "II"]
[BlackTitle "II"]
[WhiteElo "1382"]
[BlackElo "1163"]

1. e4 c5 2. Nf3 e6 3. d4 cxd4 4. Nxd4 Nc6 5. Nc3 a6 6. Nxc6 bxc6 7. a3 d5 8. exd5
cxd5 9. Be2 Nf6 10. Bf3 Bd6 11. O-O O-O 12. Re1 h6 13. Ne2 Qb6 14. Rb1 Bxa3 15.
Be3 Bc5 16. Bxc5 Qxc5 17. c3 a5 18. Ra1 Bd7 19. Qc2 Rab8 20. Nd4 a4 21. Qd2 Rfc8
22. h3 Ne8 23. Bd1 Nd6 24. Bxa4 Bxa4 25. Rxa4 Nc4 26. Qe2 Nxb2 27. Ra2 Qxc3 28.
Rb1 Qxd4 29. Raxb2 Rxb2 30. Rxb2 Qf4 31. Rb1 Rc1+ 32. Rxc1 Qxc1+ 33. Kh2 Qc4 34.
Qb2 d4 35. g3 d3 36. Kg2 Qc2 0-1

[Event "Druzynowe Mistrzostwa Stowarzyszenia Cross"]
[Site "Wielspin Wagrowiec"]
[Date "1899-12-30"]
[Round "6.12"]
[White "Staruch, Roman"]
[Black "Barnowski, Sylwester"]
[Result "1/2-1/2"]
[WhiteTitle "I++"]
[BlackTitle "I"]
[WhiteElo "1781"]
[BlackElo "1788"]

1. e4 c6 2. d4 d5 3. e5 Bf5 4. Ne2 e6 5. Ng3 Bg6 6. h4 h6 7. h5 Bh7 8. Bd3 Bxd3
9. cxd3 Qb6 10. Qg4 Nd7 11. O-O Ne7 12. Nc3 g6 13. Nce2 O-O-O 14. a4 gxh5 15.
Qxh5 Ng6 16. a5 Qc7 17. Bd2 Be7 18. b4 Rdg8 19. b5 c5 20. b6 axb6 21. axb6 1/2-1/2

[Event "Druzynowe Mistrzostwa Stowarzyszenia Cross"]
[Site "Wielspin Wagrowiec"]
[Date "1899-12-30"]
[Round "6.13"]
[White "Filipiak, Rajmund"]
[Black "Rutkowski, Jerzy"]
[Result "1/2-1/2"]
[WhiteTitle "II+"]
[BlackTitle "I+"]
[WhiteElo "1688"]
[BlackElo "1956"]

1. c4 Nf6 2. Nc3 c6 3. g3 d5 4. cxd5 cxd5 5. d4 Nc6 6. Nf3 e6 7. Bg2 Be7 8. O-O
h6 9. Re1 Ne4 10. e3 f5 11. Nxe4 fxe4 12. Ne5 Nxe5 13. dxe5 O-O 14. Bd2 Bd7 15.
Rc1 a5 16. Bc3 Rc8 17. Qd2 b6 18. a3 Bb5 19. Bd4 Bc4 20. Bh3 Kf7 21. Qd1 Rc6 22.
b3 Bxa3 23. bxc4 1/2-1/2

[Event "Druzynowe Mistrzostwa Stowarzyszenia Cross"]
[Site "Wielspin Wagrowiec"]
[Date "1899-12-30"]
[Round "6.14"]
[White "Huzarski, Stanislaw"]
[Black "Traczyk, Tadeusz"]
[Result "1/2-1/2"]
[WhiteTitle "I"]
[BlackTitle "I"]
[WhiteElo "1731"]
[BlackElo "1786"]

1. e4 c5 2. Nf3 Nc6 3. d4 cxd4 4. Nxd4 Nf6 5. Nc3 e6 6. Bc4 Bb4 7. f3 O-O 8. Nde2
d5 9. Bd3 d4 10. a3 Be7 11. Nb1 e5 12. O-O a6 13. Nd2 b5 14. f4 exf4 15. Nxf4
Ne5 16. h3 Bb7 17. Nf3 Nxd3 18. cxd3 Bc5 19. b4 Bb6 20. Bb2 Qd7 21. Qd2 Rad8 22.
Qf2 Qc7 23. Qd2 Bxe4 24. Ne2 Bxf3 25. Rxf3 1/2-1/2

[Event "Druzynowe Mistrzostwa Stowarzyszenia Cross"]
[Site "Wielspin Wagrowiec"]
[Date "1899-12-30"]
[Round "6.15"]
[White "Zelajtys, Jozef"]
[Black "Wodas, Pawel"]
[Result "1/2-1/2"]
[WhiteTitle "I"]
[BlackTitle "I"]
[WhiteElo "1712"]
[BlackElo "1820"]

1. e4 c5 2. g3 Nc6 3. Bg2 g6 4. Ne2 Bg7 5. c3 d5 6. exd5 Ne5 7. d4 cxd4 8. cxd4
Nd7 9. O-O Nb6 10. Nbc3 Nf6 11. Bf4 O-O 12. Be5 Nfxd5 13. Bxg7 Kxg7 14. Nxd5 Nxd5
15. Qb3 Nb6 16. Rad1 Bd7 17. Nc3 Rb8 18. Rfe1 Re8 19. d5 Qc7 20. h3 Qc4 21. Qxc4
Nxc4 22. b3 Nd6 23. Rc1 1/2-1/2

[Event "Druzynowe Mistrzostwa Stowarzyszenia Cross"]
[Site "Wielspin Wagrowiec"]
[Date "1899-12-30"]
[Round "6.16"]
[White "Zarow, Zdzislaw"]
[Black "Hornik, Bronislaw"]
[Result "0-1"]
[WhiteTitle "I"]
[BlackTitle "I"]
[WhiteElo "1610"]
[BlackElo "1712"]

1. e4 e6 2. d4 c5 3. d5 exd5 4. exd5 d6 5. Nf3 Nf6 6. Nc3 a6 7. a4 Be7 8. Bd3 O-O
9. O-O Bg4 10. h3 Bh5 11. Bf5 Nbd7 12. g4 Bg6 13. Qd3 Rc8 14. b3 Qc7 15. Re1 Rfe8
16. Bf4 c4 17. bxc4 Qxc4 18. Qxc4 Rxc4 19. Bxd7 Nxd7 20. Ne2 Bf6 21. Ned4 Re4
22. Bxd6 Bxd4 23. Rxe4 Bxe4 24. Nd2 Rxc2 25. Nxe4 Bxa1 0-1

[Event "Druzynowe Mistrzostwa Stowarzyszenia Cross"]
[Site "Wielspin Wagrowiec"]
[Date "1899-12-30"]
[Round "7.1"]
[White "Wodas, Pawel"]
[Black "Lazuka, Jan"]
[Result "1-0"]
[WhiteTitle "I"]
[BlackTitle "III"]
[WhiteElo "1820"]
[BlackElo "1267"]

1. e4 e5 2. f4 exf4 3. Nf3 a6 4. Bc4 Qe7 5. O-O Qc5+ 6. d4 Qxc4 7. Bxf4 Bd6 8.
Be3 Ne7 9. e5 Nf5 10. exd6 Nxe3 11. Re1 O-O 12. Rxe3 cxd6 13. Nc3 d5 14. Ne5 Qc7
15. Nxd5 Qa5 16. Ne7+ Kh8 17. Qh5 g6 18. Qh6 1-0

[Event "Druzynowe Mistrzostwa Stowarzyszenia Cross"]
[Site "Wielspin Wagrowiec"]
[Date "1899-12-30"]
[Round "7.2"]
[White "Spionkowski, Fabian"]
[Black "Zarow, Zdzislaw"]
[Result "0-1"]
[WhiteTitle "II+"]
[BlackTitle "I"]
[WhiteElo "1377"]
[BlackElo "1610"]

1. e4 e5 2. Nf3 d5 3. exd5 Qxd5 4. Nc3 Qa5 5. Bc4 c6 6. O-O Qc7 7. Nxe5 Be6 8.
Bxe6 fxe6 9. Qh5+ g6 10. Nxg6 Qf7 11. Nf4 Qxh5 12. Nxh5 Nd7 13. Re1 Kf7 14. d4
Ngf6 15. Nf4 Re8 16. Bd2 Rg8 17. Re2 Bd6 18. Rae1 e5 19. dxe5 Nxe5 20. h3 Nf3+
21. Kf1 Nxd2+ 22. Rxd2 Rxe1+ 23. Kxe1 Bxf4 24. Rd4 Be5 25. Rh4 Rxg2 26. Kf1 Rg7
27. Ra4 a6 28. f4 Bxc3 29. bxc3 Rg3 30. Rb4 b5 31. c4 Rf3+ 0-1

[Event "Druzynowe Mistrzostwa Stowarzyszenia Cross"]
[Site "Wielspin Wagrowiec"]
[Date "1899-12-30"]
[Round "7.4"]
[White "Barnowski, Sylwester"]
[Black "Zelajtys, Jozef"]
[Result "0-1"]
[WhiteTitle "I"]
[BlackTitle "I"]
[WhiteElo "1788"]
[BlackElo "1712"]

1. d4 d5 2. f4 g6 3. e3 Bg7 4. Bd3 c5 5. c3 cxd4 6. exd4 Nh6 7. Nf3 O-O 8. O-O
Nc6 9. Be3 Bf5 10. Ne5 Bxd3 11. Nxd3 Qb6 12. Qf3 Nf5 13. Kh1 e5 14. fxe5 Nxe5
15. Nxe5 Bxe5 16. Bc1 Bg7 17. Qxd5 Rae8 18. Qf3 Qa6 19. g4 Ne3 20. Bxe3 Rxe3 21.
Qf2 Re2 22. Qf4 Rxb2 23. Nd2 Qc6+ 24. Nf3 Qxc3 25. Rac1 Qd3 26. Ne5 Qe2 27. Qf3
0-1

[Event "Druzynowe Mistrzostwa Stowarzyszenia Cross"]
[Site "Wielspin Wagrowiec"]
[Date "1899-12-30"]
[Round "7.5"]
[White "Hornik, Bronislaw"]
[Black "Filipiak, Rajmund"]
[Result "1-0"]
[WhiteTitle "I"]
[BlackTitle "II+"]
[WhiteElo "1712"]
[BlackElo "1688"]

1. e4 c6 2. d4 d5 3. Nc3 dxe4 4. Nxe4 Nd7 5. Bc4 Ngf6 6. Ng3 Nb6 7. Be2 e6 8. Nf3
Be7 9. O-O O-O 10. h3 Qc7 11. Ng5 c5 12. dxc5 Bxc5 13. N3e4 Be7 14. Bd3 h6 15.
Nxf6+ Bxf6 16. Nh7 Be5 17. Nxf8 Kxf8 18. Qe2 Bd7 19. Re1 Bf6 20. c3 Rd8 21. Be3
Nd5 22. Qc2 Nf4 23. Be4 Nd5 24. Rad1 Bc6 25. Bd4 Bh4 26. Bf3 Re8 27. Qh7 f6 28.
Bh5 Ke7 29. Qxg7+ Kd8 30. Qxc7+ Kxc7 31. Bxe8 Bxe8 32. g3 Bh5 33. gxh4 1-0

[Event "Druzynowe Mistrzostwa Stowarzyszenia Cross"]
[Site "Wielspin Wagrowiec"]
[Date "1899-12-30"]
[Round "7.6"]
[White "Traczyk, Tadeusz"]
[Black "Kaciotys, Mieczyslaw"]
[Result "1/2-1/2"]
[WhiteTitle "I"]
[BlackTitle "II+"]
[WhiteElo "1786"]
[BlackElo "1683"]

1. e4 e5 2. d4 exd4 3. Qxd4 Nc6 4. Qe3 Nf6 5. Nc3 Bb4 6. Bd2 O-O 7. O-O-O Re8 8.
Bc4 Na5 9. Bd3 d5 10. Qf4 Bd6 11. Qh4 Be7 12. Qg3 Nc6 13. h3 Bd6 14. f4 dxe4 15.
Bc4 Qe7 16. Be3 Be6 17. Bxe6 Qxe6 18. Nge2 g6 19. Qf2 Nd7 20. g4 Nb6 21. Ng3 Qc4
22. Qg2 Bb4 23. Nge2 Rad8 24. a3 Bc5 25. Bxc5 Qxc5 26. Kb1 Qe3 1/2-1/2

[Event "Druzynowe Mistrzostwa Stowarzyszenia Cross"]
[Site "Wielspin Wagrowiec"]
[Date "1899-12-30"]
[Round "7.7"]
[White "Perszewska, Krystyna"]
[Black "Golebiowska-fryga, Barbara"]
[Result "1/2-1/2"]
[WhiteTitle "I"]
[BlackTitle "II"]
[WhiteElo "1421"]
[BlackElo "1244"]

1. d4 d5 2. c4 e6 3. Nc3 Nf6 4. Nf3 Nc6 5. Bg5 Be7 6. e3 a6 7. a3 Bd7 8. Bd3 Bc8
9. O-O Qd7 10. cxd5 Nxd5 11. Bxe7 Qxe7 12. Rc1 Bd7 13. Qc2 g6 14. Rfe1 O-O-O 15.
Ne5 Be8 16. Nxc6 Bxc6 17. Ne4 Qd7 18. Nc5 Qd6 19. Ne4 Qd7 20. Nd2 f5 21. Nc4 Bb5
22. Nb6+ Nxb6 23. Bxb5 axb5 1/2-1/2

[Event "Druzynowe Mistrzostwa Stowarzyszenia Cross"]
[Site "Wielspin Wagrowiec"]
[Date "1899-12-30"]
[Round "7.11"]
[White "Walczak, Lucjan"]
[Black "Kowalczyk, Marian"]
[Result "1-0"]
[WhiteTitle "I"]
[BlackTitle "I++"]
[WhiteElo "1827"]
[BlackElo "1904"]

1. e4 c5 2. Nc3 e6 3. g3 d5 4. exd5 exd5 5. d3 Be6 6. Bg2 Nf6 7. Bg5 Be7 8. Nge2
Nc6 9. O-O O-O 10. Bxf6 Bxf6 11. Nf4 d4 12. Ne4 Be7 13. Nxe6 fxe6 14. Qg4 Qd7
15. Bh3 Nd8 16. Rae1 Rc8 17. Nd2 Rc6 18. Nc4 Bf6 19. Ne5 Bxe5 20. Rxe5 Rf6 21.
f4 Qd6 22. Rfe1 Rg6 23. Qe2 Rh6 24. Bg4 Rf6 25. f5 exf5 26. Re8+ Rf8 27. Bxf5
g6 28. Bh3 Rxe8 29. Qxe8+ Qf8 30. Bg2 Rd6 31. Qe5 Qf6 32. Qxf6 Rxf6 33. Re8+ Rf8
34. Bd5+ Kg7 35. Re7+ Kf6 36. Rxh7 Re8 37. Kf2 Re7 38. Rxe7 Kxe7 39. Kf3 Kf6 40.
h3 b6 41. Ke4 Ne6 42. Bxe6 Kxe6 43. h4 Kf6 44. g4 a6 45. h5 gxh5 46. gxh5 Kg5
47. h6 Kxh6 48. Kd5 Kg5 49. Kc6 Kf4 50. Kxb6 1-0

[Event "Druzynowe Mistrzostwa Stowarzyszenia Cross"]
[Site "Wielspin Wagrowiec"]
[Date "1899-12-30"]
[Round "7.12"]
[White "Niecko, Stanislaw"]
[Black "Inglot, Marian"]
[Result "1-0"]
[WhiteTitle "I+"]
[BlackTitle "II"]
[WhiteElo "1726"]
[BlackElo "1394"]

1. Nf3 d5 2. c4 Nf6 3. cxd5 Qxd5 4. Nc3 Qc6 5. e4 Bg4 6. Bb5 e5 7. Bxc6+ Nxc6 8.
Qa4 O-O-O 9. h3 Bh5 10. Nd5 Nxe4 11. Qxe4 1-0

[Event "Druzynowe Mistrzostwa Stowarzyszenia Cross"]
[Site "Wielspin Wagrowiec"]
[Date "1899-12-30"]
[Round "7.13"]
[White "Jagiela, Andrzej"]
[Black "Pociejowski, Marek"]
[Result "0-1"]
[WhiteTitle "I"]
[BlackTitle "I++"]
[WhiteElo "1730"]
[BlackElo "1842"]

1. e4 Nf6 2. e5 Nd5 3. c4 Nb6 4. d4 d6 5. exd6 cxd6 6. Be3 g6 7. Nc3 Bg7 8. Nf3
O-O 9. h3 Nc6 10. Rc1 Bf5 11. Bd3 Bxd3 12. Qxd3 d5 13. c5 Nc4 14. b3 Nxe3 15.
fxe3 e5 16. Qd2 exd4 17. exd4 Nxd4 18. Nxd4 Qh4+ 19. Qf2 Qxf2+ 20. Kxf2 Bxd4+
21. Kf3 Bxc5 22. Nxd5 Bd6 23. Rhd1 Kg7 24. Rc2 Rac8 25. Rdc1 Rxc2 26. Rxc2 Rd8
27. Ne3 Bb8 28. Nc4 Kf6 29. Rd2 Rxd2 30. Nxd2 Ke5 31. Ke3 Kd5 32. Kd3 f5 33. Nf3
Bf4 34. Nd4 Be5 35. Nf3 Bf6 36. Nd2 h5 37. Nf3 b5 38. Nd2 Ke5 39. Nf3+ Kf4 40.
Ke2 Ke4 41. Ne1 Kd4 42. Nd3 Bg5 43. a4 bxa4 44. bxa4 a5 45. Ne1 Kc3 46. Nd3 Kb3
47. Ne5 Kxa4 48. Nxg6 Kb3 49. Ne5 a4 50. Nd3 a3 51. Nc5+ Kc2 52. Nd3 Kb1 53. Nb4
Be7 54. Nd5 Bg5 0-1

[Event "Druzynowe Mistrzostwa Stowarzyszenia Cross"]
[Site "Wielspin Wagrowiec"]
[Date "1899-12-30"]
[Round "7.14"]
[White "Spychala, Jozefa"]
[Black "Jagiela, Elzbieta"]
[Result "1/2-1/2"]
[WhiteTitle "I"]
[BlackTitle "II"]
[WhiteElo "1407"]
[BlackElo "1382"]

1. d4 d5 2. g3 e6 3. Bg2 Bd6 4. Nf3 h6 5. Nc3 Nf6 6. O-O O-O 7. a3 b6 8. Re1 Bb7
9. Nb5 Be7 10. Bf4 Na6 11. h3 Bc6 12. Qd3 Bb7 13. c4 c6 14. Nc3 Nc7 15. Bxc7 Qxc7
16. cxd5 Nxd5 17. Nxd5 cxd5 18. Rac1 Qd7 19. Ne5 Qd8 20. Nc6 Bxc6 21. Rxc6 Rc8
22. Rec1 Rxc6 23. Rxc6 Qd7 24. Qc2 Bd6 25. h4 Rd8 26. b4 Qe7 27. e4 dxe4 28. Bxe4
h5 29. f4 g6 30. Kg2 Kg7 31. Rc8 Qd7 32. Rxd8 Qxd8 33. Qc6 Qc7 34. Qxc7 Bxc7 35.
Kf3 Kf6 36. Bd3 Bd6 1/2-1/2

[Event "Druzynowe Mistrzostwa Stowarzyszenia Cross"]
[Site "Wielspin Wagrowiec"]
[Date "1899-12-30"]
[Round "7.15"]
[White "Pawlik, Tomasz"]
[Black "Suder, Ryszard"]
[Result "0-1"]
[WhiteTitle "I"]
[BlackTitle "k+"]
[WhiteElo "1642"]
[BlackElo "2107"]

1. e4 Nf6 2. e5 Nd5 3. d4 d6 4. Nf3 dxe5 5. Nxe5 g6 6. Nc3 Nxc3 7. bxc3 Bg7 8.
Bf4 O-O 9. Bc4 c5 10. O-O cxd4 11. cxd4 Nd7 12. c3 Qa5 13. Nxd7 Bxd7 14. Qf3 b6
15. Bd5 Rac8 16. Rfc1 e6 17. Be4 e5 18. dxe5 Bxe5 19. Bd2 Be6 20. Qe2 Bc4 21.
Bd3 Bxd3 22. Qxd3 Rfd8 23. Qc2 Qa3 24. Rab1 Qd6 25. Rd1 Bxh2+ 26. Kh1 Bf4 27.
Bxf4 Qxf4 28. Rxd8+ Rxd8 29. Rd1 Rxd1+ 30. Qxd1 Qxf2 31. Qd8+ Kg7 0-1

[Event "Druzynowe Mistrzostwa Stowarzyszenia Cross"]
[Site "Wielspin Wagrowiec"]
[Date "1899-12-30"]
[Round "7.16"]
[White "Olejnik, Bernard"]
[Black "Grzywacz, Ryszard"]
[Result "1/2-1/2"]
[WhiteTitle "I"]
[BlackTitle "I"]
[WhiteElo "1772"]
[BlackElo "1646"]

1. d4 d5 2. c4 dxc4 3. Nc3 e6 4. e3 Nc6 5. Bxc4 Bb4 6. Bd2 Nf6 7. a3 Ba5 8. b4
Bb6 9. Qc2 O-O 10. Na4 Ne7 11. Nxb6 axb6 12. Nf3 Bd7 13. O-O Bc6 14. Ne5 Be4 15.
Bd3 Bxd3 16. Qxd3 Nd7 17. Nf3 Nf6 18. Rfc1 c6 19. b5 c5 20. Qb1 Qd6 21. a4 Rfc8
22. Ne5 Ng6 23. Nc4 Qd8 24. f3 cxd4 25. exd4 1/2-1/2

[Event "Druzynowe Mistrzostwa Stowarzyszenia Cross"]
[Site "Wielspin Wagrowiec"]
[Date "1899-12-30"]
[Round "7.17"]
[White "Majcher, Andrzej"]
[Black "Malcer, Joanna"]
[Result "0-1"]
[WhiteTitle "III"]
[BlackTitle "I"]
[WhiteElo "1492"]
[BlackElo "1516"]

1. e4 d6 2. d4 Nf6 3. Nc3 e6 4. Bg5 Be7 5. Bd3 Nbd7 6. Qe2 h6 7. Bh4 O-O 8. e5
Nd5 9. Qe4 f5 10. exf6 N7xf6 11. Bxf6 Nxf6 12. Qg6 Bd7 13. Ne4 Be8 14. Nxf6+ Rxf6
15. Qh7+ Kf7 16. Nh3 Bc6 17. O-O-O Qh8 18. Qxh8 Rxh8 19. Rhg1 Ke8 20. g3 Kd8 21.
Nf4 g5 22. Nxe6+ Rxe6 23. Bc4 Rf6 24. d5 Bd7 25. Rgf1 Rhf8 26. h4 Rxf2 27. Rg1
g4 28. Bd3 a6 29. Bg6 Bf5 30. Bh5 Rxc2+ 31. Kb1 Rg2+ 32. Ka1 Rxg1 33. Rxg1 Bd7
34. Bg6 Rf2 35. a3 Bf6 36. Kb1 Rxb2+ 37. Kc1 Rf2 38. Re1 Be5 39. h5 Rf3 40. Re4
Rxg3 41. Kd2 Rxa3 0-1

[Event "Druzynowe Mistrzostwa Stowarzyszenia Cross"]
[Site "Wielspin Wagrowiec"]
[Date "1899-12-30"]
[Round "8.1"]
[White "Lazuka, Jan"]
[Black "Suder, Ryszard"]
[Result "0-1"]
[WhiteTitle "III"]
[BlackTitle "k+"]
[WhiteElo "1267"]
[BlackElo "2107"]

1. e4 Nf6 2. Nc3 d6 3. h3 g6 4. Nf3 Bg7 5. Bc4 O-O 6. d3 c6 7. O-O Nbd7 8. Ng5
h6 9. Nxf7 Rxf7 10. Bxf7+ Kxf7 11. Qf3 e5 12. Be3 Kg8 13. Ne2 Nf8 14. c3 Qe7 15.
d4 exd4 16. Bxd4 Qxe4 17. Qxe4 Nxe4 18. Bxg7 Kxg7 19. Ng3 Nf6 20. Rfe1 Be6 21.
Ne4 Nxe4 22. Rxe4 d5 23. Re5 Kf7 24. Rae1 Re8 25. a3 Nd7 26. R5e3 Nf6 27. b4 Bf5
28. Rxe8 Nxe8 29. h4 Nd6 30. f3 Nb5 31. g4 Be6 32. g5 hxg5 33. hxg5 Nxc3 34. Kg2
d4 35. Rc1 Bf5 0-1

[Event "Druzynowe Mistrzostwa Stowarzyszenia Cross"]
[Site "Wielspin Wagrowiec"]
[Date "1899-12-30"]
[Round "8.2"]
[White "Olejnik, Bernard"]
[Black "Spionkowski, Fabian"]
[Result "0-1"]
[WhiteTitle "I"]
[BlackTitle "II+"]
[WhiteElo "1772"]
[BlackElo "1377"]

1. d4 Nf6 2. c4 e6 3. Nc3 c5 4. e3 cxd4 5. exd4 d5 6. Nf3 Bb4 7. a3 Ba5 8. b4 Bb6
9. c5 Bc7 10. Nb5 O-O 11. Nxc7 Qxc7 12. Bd3 Nc6 13. h3 b6 14. O-O Rd8 15. Bg5
Qe7 16. Re1 h6 17. Bh4 bxc5 18. bxc5 g5 19. Bg3 a5 20. Rb1 Ba6 21. Rb6 Bxd3 22.
Qxd3 Rdc8 23. Nd2 Nd7 24. Rb2 Qf6 25. Nb3 a4 26. Nc1 Nxc5 27. Qb1 Qxd4 28. Ne2
Qd3 29. Qa2 Qa6 30. Rd1 Ne4 31. Bh2 d4 32. f3 Nc3 33. Nxc3 dxc3 34. Rc2 Qb6+ 35.
Kf1 Nd4 36. Bg1 Qb5+ 37. Ke1 Nxc2+ 38. Qxc2 Qb3 39. Rc1 Rab8 40. Bd4 Qxc2 41.
Rxc2 Rb3 42. Ke2 0-1

[Event "Druzynowe Mistrzostwa Stowarzyszenia Cross"]
[Site "Wielspin Wagrowiec"]
[Date "1899-12-30"]
[Round "8.3"]
[White "Kizym, Lukasz"]
[Black "Malcer, Joanna"]
[Result "1/2-1/2"]
[WhiteTitle "II"]
[BlackTitle "I"]
[WhiteElo "1590"]
[BlackElo "1516"]

1. e4 d6 2. d4 Nf6 3. Nc3 e6 4. Nf3 Nbd7 5. Be2 Be7 6. O-O O-O 7. d5 exd5 8. exd5
h6 9. h3 Nh7 10. Be3 Ndf6 11. Bd3 Bd7 12. Bxh7+ Nxh7 13. Re1 Ng5 14. Nxg5 Bxg5
15. Bxg5 Qxg5 16. Qc1 Qxc1 17. Raxc1 Rae8 18. Kf1 a6 19. Rxe8 Rxe8 20. Re1 Kf8
21. Rxe8+ Kxe8 22. Ke1 1/2-1/2

[Event "Druzynowe Mistrzostwa Stowarzyszenia Cross"]
[Site "Wielspin Wagrowiec"]
[Date "1899-12-30"]
[Round "8.4"]
[White "Kowalczyk, Marian"]
[Black "Pawlik, Tomasz"]
[Result "1/2-1/2"]
[WhiteTitle "I++"]
[BlackTitle "I"]
[WhiteElo "1904"]
[BlackElo "1642"]

1. e4 e5 2. Nf3 Nf6 3. Nc3 Nc6 4. d4 exd4 5. Nxd4 Bb4 6. Nxc6 bxc6 7. Bd3 Qe7 8.
O-O d6 9. Bg5 h6 10. Bh4 g5 11. Bg3 Bg4 12. f3 Bc5+ 13. Bf2 Bxf2+ 14. Rxf2 Bd7
15. Qd2 Nh5 16. g3 O-O 17. f4 gxf4 18. gxf4 Qh4 19. f5 Kh7 20. Qe3 Rg8+ 21. Kf1
1/2-1/2

[Event "Druzynowe Mistrzostwa Stowarzyszenia Cross"]
[Site "Wielspin Wagrowiec"]
[Date "1899-12-30"]
[Round "8.5"]
[White "Grzywacz, Ryszard"]
[Black "Niecko, Stanislaw"]
[Result "1/2-1/2"]
[WhiteTitle "I"]
[BlackTitle "I+"]
[WhiteElo "1646"]
[BlackElo "1726"]

1. e4 c6 2. d4 d5 3. exd5 cxd5 4. c3 Nf6 5. h3 Nc6 6. Nf3 Bf5 7. Bb5 a6 8. Bxc6+
bxc6 9. Ne5 Qb6 10. Nd2 e6 11. O-O Bd6 12. Ndf3 O-O 13. Re1 Ra7 14. b3 c5 15.
Be3 Rc7 16. Rc1 Rfc8 17. c4 Bg6 18. Nxg6 hxg6 19. Ne5 cxd4 20. Bxd4 Bc5 21. Bxc5
Qxc5 22. Nd3 Qa7 23. c5 Ne4 24. b4 a5 1/2-1/2

[Event "Druzynowe Mistrzostwa Stowarzyszenia Cross"]
[Site "Wielspin Wagrowiec"]
[Date "1899-12-30"]
[Round "8.6"]
[White "Pociejowski, Marek"]
[Black "Majcher, Andrzej"]
[Result "1-0"]
[WhiteTitle "I++"]
[BlackTitle "III"]
[WhiteElo "1842"]
[BlackElo "1492"]

1. d4 d5 2. c4 dxc4 3. Nf3 Nf6 4. e3 Be6 5. Nc3 c6 6. a4 a6 7. Ne5 Nbd7 8. Nxc4
Bxc4 9. Bxc4 e5 10. Qb3 Nd5 11. Nxd5 cxd5 12. Bxd5 Qe7 13. O-O Qb4 14. Bxf7+ Kd8
15. Rd1 e4 16. Bd2 Qxb3 17. Bxb3 Bd6 18. Rdc1 Rc8 19. Rxc8+ Kxc8 20. Rc1+ Kb8
21. Be6 Nf6 22. Ba5 Rf8 23. Bb6 h5 24. h3 g5 25. Bc5 Bxc5 26. Rxc5 g4 27. hxg4
Nxg4 28. Bxg4 hxg4 29. g3 Rc8 30. Rxc8+ Kxc8 31. Kf1 Kc7 32. Ke2 Kc6 33. Kd2 b5
34. Kc3 a5 35. axb5+ Kxb5 36. b3 a4 37. bxa4+ Kxa4 38. Kc4 1-0

[Event "Druzynowe Mistrzostwa Stowarzyszenia Cross"]
[Site "Wielspin Wagrowiec"]
[Date "1899-12-30"]
[Round "8.8"]
[White "Rutkowski, Jerzy"]
[Black "Walczak, Lucjan"]
[Result "1-0"]
[WhiteTitle "I+"]
[BlackTitle "I"]
[WhiteElo "1956"]
[BlackElo "1827"]

1. e4 c5 2. Nf3 d6 3. Bb5+ Bd7 4. Bxd7+ Nxd7 5. Qe2 e6 6. c3 Ngf6 7. d4 cxd4 8.
cxd4 Be7 9. Nc3 a6 10. e5 dxe5 11. dxe5 Ng4 12. h3 Nh6 13. g4 Qa5 14. Bd2 Qb4
15. Rb1 Qb6 16. O-O f5 17. exf6 Bxf6 18. Nd5 Qd6 19. Nxf6+ Nxf6 20. g5 Nf5 21.
gxf6 gxf6 22. Rfe1 Rg8+ 23. Kh1 e5 24. Qe4 Qd7 25. Kh2 O-O-O 26. Ba5 Rde8 27.
Rbc1+ Kb8 28. Rc7 Qb5 29. a4 Qxb2 30. Re2 Nd6 31. Rxb2 Nxe4 32. Rbxb7+ Ka8 33.
Ra7+ Kb8 34. Rxh7 Rg6 35. Rxa6 Nc5 36. Bc7+ 1-0

[Event "Druzynowe Mistrzostwa Stowarzyszenia Cross"]
[Site "Wielspin Wagrowiec"]
[Date "1899-12-30"]
[Round "8.9"]
[White "Inglot, Marian"]
[Black "Huzarski, Stanislaw"]
[Result "1-0"]
[WhiteTitle "II"]
[BlackTitle "I"]
[WhiteElo "1394"]
[BlackElo "1731"]

1. e4 c5 2. Nf3 Nc6 3. Bc4 e6 4. Nc3 d6 5. Bb5 Bd7 6. Bxc6 Bxc6 7. d4 cxd4 8. Nxd4
Bd7 9. O-O Nf6 10. Bg5 Be7 11. Bxf6 Bxf6 12. Re1 O-O 13. Qd2 Rc8 14. Nce2 Qb6
15. c3 Rfd8 16. a4 a6 17. a5 Qc7 18. b4 Qc4 19. Rac1 h6 20. Ng3 Rc7 21. Nh5 Be7
22. Re3 Rb8 23. Rg3 g5 24. h4 f6 25. f4 e5 26. hxg5 exf4 27. gxf6+ fxg3 28. fxe7
Kh7 29. Nf6+ Kg7 30. Nxd7 Rxd7 31. Nf5+ Kg8 32. Nxh6+ Kh7 33. Nf5 Qe6 34. Qg5
Qg6 35. Qh4+ Kg8 36. Nh6+ Kg7 37. Nf5+ Kf7 38. Rf1 Rc7 39. Nxd6+ 1-0

[Event "Druzynowe Mistrzostwa Stowarzyszenia Cross"]
[Site "Wielspin Wagrowiec"]
[Date "1899-12-30"]
[Round "8.10"]
[White "Mettel, Werner"]
[Black "Jagiela, Andrzej"]
[Result "1/2-1/2"]
[WhiteTitle "I"]
[BlackTitle "I"]
[WhiteElo "1676"]
[BlackElo "1730"]

1. e4 e5 2. Bc4 Bc5 3. Nf3 Nc6 4. Nc3 Nf6 5. d3 h6 6. O-O O-O 7. a3 a6 8. Nd5 d6
9. h3 Nxd5 10. Bxd5 Ne7 11. Bb3 Ng6 12. Bd2 Qf6 13. c3 Nh4 14. Nxh4 Qxh4 15. Qf3
Qe7 16. Qg3 Kh7 17. Rae1 Qd7 18. Bc2 Qe6 19. b4 Bb6 20. c4 Bd4 21. Be3 Ba7 22.
Bxa7 Rxa7 23. f4 exf4 24. Qxf4 Qe5 25. Qe3 c5 26. Rf2 b6 27. Ref1 Be6 28. Ba4
Qc3 29. bxc5 bxc5 30. Rc1 Qxa3 31. Bc6 Qa5 32. e5 Qc7 1/2-1/2